书目信息 |
| 题名: |
中国大地震
|
|
| 作者: | 管志光 编著 | |
| 分册: | ||
| 出版信息: | 郑州 海燕出版社 2016.01 |
|
| 页数: | 458页 | |
| 开本: | 24cm | |
| 丛书名: | ||
| 单 册: | ||
| 中图分类: | P316.2 | |
| 科图分类: | ||
| 主题词: | 地震灾害--中国--史料 | |
| 电子资源: | ||
| ISBN: | 978-7-5350-6234-5 | |
| 000 | 00892nam0 2200217 450 | |
| 001 | 317 | |
| 005 | 20180921172020.10 | |
| 010 | @a978-7-5350-6234-5@dCNY78.00 | |
| 100 | @a20160419d2016 em y0chiy50 ea | |
| 101 | 0 | @achi |
| 102 | @aCN@b410000 | |
| 105 | @aa z 000yy | |
| 200 | 1 | @a中国大地震@9zhong guo da di zhen@b专著@f管志光编著 |
| 210 | @a郑州@c海燕出版社@d2016.01 | |
| 215 | @a458页@c图@d24cm | |
| 330 | @a本书所写的34起大地震,都是我国著名的历史地震事件,时间跨度长,涉及范围广。这些大地震,不仅造成了重大的人员伤亡、财产损失和生态破坏,而且对当时中国的政治、经济、社会、人文等方面带来巨大的影响。作者本着尊重历史的原则,多角度、全方位做了真实、客观的记录,是进行震灾国情教育的好教材,具有很强的说服力、感染力。 | |
| 606 | 0 | @a地震灾害@y中国@j史料 |
| 690 | @aP316.2@v5 | |
| 701 | 0 | @a管志光@9guan zhi guang@4编著 |
| 801 | 0 | @aCN@b91MARC@c20160516 |
| 905 | @aMuseLib@dP316.2@e123 | |
| 中国大地震/管志光编著.-郑州:海燕出版社,2016.01 |
| 458页:图;24cm |
| ISBN 978-7-5350-6234-5:CNY78.00 |
| 本书所写的34起大地震,都是我国著名的历史地震事件,时间跨度长,涉及范围广。这些大地震,不仅造成了重大的人员伤亡、财产损失和生态破坏,而且对当时中国的政治、经济、社会、人文等方面带来巨大的影响。作者本着尊重历史的原则,多角度、全方位做了真实、客观的记录,是进行震灾国情教育的好教材,具有很强的说服力、感染力。 |
| ● |
| 相关链接 |
|
|
|
|
正题名:中国大地震
索取号:P316.2/123
 
预约/预借
| 序号 | 登录号 | 条形码 | 馆藏地/架位号 | 状态 | 备注 |
| 1 | 1119309 | 211193091 | 第二样本阅览室/ [索取号:P316.2/123] | 在馆 | |
| 2 | 1119310 | 211193108 | 第三借阅区/ [索取号:P316.2/123] | 在馆 | |
| 3 | 1119311 | 211193117 | 第三借阅区/ [索取号:P316.2/123] | 在馆 | |
| 4 | 1119312 | 211193126 | 第三借阅区/ [索取号:P316.2/123] | 在馆 | |
| 5 | 1119313 | 211193135 | 密集书库-资源管理系/ [索取号:P316.2/123] | 在馆 |